Quality alone is not enough (Record no. 34197)

MARC details
000 -LEADER
fixed length control field 00531nam a2200181Ia 4500
020 ## - INTERNATIONAL STANDARD BOOK NUMBER
ISBN 0814423493
050 ## - CALL MARK
Classification number HD 69.T54 T465/
100 ## - STATEMENT OF RESPONSIBILITY--MAIN AUTHOR NAME
Personal name Thomas, Philip R.
245 #0 - TITLE STATEMENT
Title Quality alone is not enough
260 ## - PUBLICATION, DISTRIBUTION, ETC. (IMPRINT)
Place of publication New York
260 ## - PUBLICATION, DISTRIBUTION, ETC. (IMPRINT)
Name of publisher AMA Membership Publications Division, American Management Association,
260 ## - PUBLICATION, DISTRIBUTION, ETC. (IMPRINT)
Year of publication c1992.
300 ## - PHYSICAL DESCRIPTION
Number of Pages 77 p
650 ## - SUBJECT ADDED ENTRY--TOPICAL TERM
Topical Term Time management. Total quality management. Industrial management.
942 ## - ADDED ENTRY ELEMENTS (KOHA)
Koha item type Books
Holdings
Withdrawn status Lost status Source of classification or shelving scheme Damaged status Not for loan Permanent Location Current Location Date acquired Accession Number Price effective from Koha item type
    Library of Congress Classification     NILE UNIVERSITY OF NIGERIA - MAIN LIBRARY NILE UNIVERSITY OF NIGERIA - MAIN LIBRARY 04/23/2025 0010354 04/23/2025 Books